Moon Phases - Statistics

General Stats
  • This quiz has been taken 117 times
  • The average score is 5 of 8
Answer Stats
Picture Answer % Correct
Full Moon
95%
New Moon
87%
Waxing Crescent
74%
Waxing Gibbous
74%
Waning Crescent
70%
First Quarter
51%
Last Quarter
33%
Waning Gibbous
33%
No matching quizzes found
Score Distribution
Percent of People with Each Score
Percentile by Number Answered
Your Score History
You have not taken this quiz